MARC details
| 000 -LEADER |
| fixed length control field |
02939nam a2200277 a 4500 |
| 001 - CONTROL NUMBER |
| control field |
70685 |
| 003 - CONTROL NUMBER IDENTIFIER |
| rucl marc code |
BD-RjUL |
| 005 - DATE AND TIME OF LATEST TRANSACTION |
| control field |
20211209082029.0 |
| 008 - FIXED-LENGTH DATA ELEMENTS--GENERAL INFORMATION |
| fixed length control field |
170419s2006 ii a b 001 0 eng c |
| 020 ## - INTERNATIONAL STANDARD BOOK NUMBER |
| International Standard Book Number |
8173715017 |
| 035 ## - SYSTEM CONTROL NUMBER |
| System control number |
(BD-RjUL)70899 |
| 040 ## - CATALOGING SOURCE |
| Original cataloging agency |
BTCTA |
| Transcribing agency |
BTCTA |
| Modifying agency |
YDXCP |
| -- |
BAKER |
| -- |
AGL |
| -- |
MYG |
| -- |
OrLoB-B |
| -- |
BD-RjUL |
| Language of cataloging |
eng |
| 041 ## - LANGUAGE CODE |
| Language code of text/sound track or separate title |
eng |
| 082 ## - DEWEY DECIMAL CLASSIFICATION NUMBER |
| Edition number |
23 |
| Classification number |
660.6 |
| Author mark and year |
CHM 2006 |
| 100 1# - MAIN ENTRY--PERSONAL NAME |
| Personal name |
Channarayappa. |
| 9 (RLIN) |
209211 |
| 245 10 - TITLE STATEMENT |
| Title |
Molecular biotechnology : |
| Remainder of title |
principles and practices / |
| Statement of responsibility, etc. |
Channarayappa. |
| 260 ## - PUBLICATION, DISTRIBUTION, ETC. (IMPRINT) |
| Place of publication, distribution, etc. |
Hyderguda, Hyderabad : |
| Name of publisher, distributor, etc. |
Universities Press, |
| Date of publication, distribution, etc. |
c2006. |
| 300 ## - PHYSICAL DESCRIPTION |
| Pagination |
1217 p. : |
| Illustrations |
ill. ; |
| Size |
24 cm. |
| 490 1# - SERIES STATEMENT |
| Series statement |
Biotechnology (Universities Press) |
| 504 ## - BIBLIOGRAPHY, ETC. NOTE |
| Bibliography, etc |
Includes bibliographical references and index. |
| 505 00 - FORMATTED CONTENTS NOTE |
| Title |
Introduction to biotechnology -- |
| -- |
Biotechnology : scope and importance -- |
| -- |
Biosafety and good laboratory practices -- |
| -- |
Advanced techniques in molecular biology -- |
| -- |
Techniques of cell fractionation and centrifugation -- |
| -- |
Chemical synthesis of nucleic acids -- |
| -- |
DNA chip technology and its potential applications -- |
| -- |
Bioinformatics in biotechnology -- |
| -- |
Working with nucleic acids -- |
| -- |
Isolation of nucleic acids -- |
| -- |
Measuring nucleic acid concentration and purity -- |
| -- |
Electrophoretic techniques -- |
| -- |
DNA sequencing -- |
| -- |
Genetic maps and marker analysis -- |
| -- |
Polymerase chain reaction (PCR) -- |
| -- |
In Situ hybridization -- |
| -- |
Recombinant DNA and genetic engineering -- |
| -- |
Fundamentals of recombinant DNA technology -- |
| -- |
Enzymes in molecular cloning -- |
| -- |
Gene constructs and cloning vectors -- |
| -- |
DNA libraries -- |
| -- |
Molecular biology of gene transfer systems -- |
| -- |
Selection and screening of recombinant molecules -- |
| -- |
Applications of biotechnology -- |
| -- |
Genetic engineering of microorganisms -- |
| -- |
Genetic engineering of animals -- |
| -- |
Genetic engineering in plants -- |
| -- |
Working with proteins -- |
| -- |
Protein purification techniques -- |
| -- |
Protein detection and estimation -- |
| -- |
Protein fractionation techniques -- |
| -- |
Immunochemical techniques -- |
| -- |
Bacterial and mammalian cell culture -- |
| -- |
Biology of bacteria -- |
| -- |
Cultivation of mammalian cells in vitro -- |
| -- |
In Vitro plant cell culture and crop improvement -- |
| -- |
Plant cell culture laboratory and requirements -- |
| -- |
Plant culture media, preparation, and culture initiation -- |
| -- |
Micropropagation -- |
| -- |
Cultures of organized tissues -- |
| -- |
Culture of unorganized tissues -- |
| -- |
Cryopreservation and distribution of clonal material -- |
| -- |
Measurement of plant cell growth and cytological analysis -- |
|
| Title |
Protoplast fusion and somaclonal variation -- |
| -- |
Application of plant cell, tissue and organ culture -- |
| -- |
Environmental biotechnology -- |
| -- |
Biotechnology in pollution control -- |
| -- |
Biodiversity and genetic conservation -- |
| -- |
Bioenergy fuel from biomass -- |
| -- |
Regulatory aspects of using genetically-modified organisms -- |
| -- |
Intellectual property rights and socio-legal aspects of biotechnology. |
| 650 #0 - SUBJECT ADDED ENTRY--TOPICAL TERM |
| Topical term or geographic name as entry element |
Biotechnology. |
| 9 (RLIN) |
209212 |
| 830 #0 - SERIES ADDED ENTRY--UNIFORM TITLE |
| Uniform title |
Biotechnology (Universities Press) |
| 942 ## - ADDED ENTRY ELEMENTS (KOHA) |
| Source of classification or shelving scheme |
Dewey Decimal Classification |
| Koha item type |
Books |